000 00267nam a22001217a 4500
008 180806b xxu||||| |||| 00| 0 eng d
082 _a813.52
245 _aVoyager SkyGazer
_cPearson
260 _c2003
300 _a1
_fCD
440 _x0805386823
942 _2ddc
_cMX
999 _c46860
_d46860